| 000 | 00906cab a22002295a 4500 | ||
|---|---|---|---|
| 001 | L148319 | ||
| 008 | 090902s2009 xxko f 000 0 eng d | ||
| 035 | _a(Sirsi) u148319 | ||
| 041 | 0 | _aeng | |
| 100 | 1 | _aBoswall, Julian | |
| 245 | 0 | 4 | _aThe road to renewable |
| 260 | _c2009 | ||
| 490 |
_aSolicitors Journal _v153 (21) June 2009, 15-16 (2) |
||
| 520 | _aDiscusses the role of the planning system in relation to implementing renewable energy projects in the UK. Presents the Infrastructure Planning Commission (IPC) which will be in charge of deciding on major infrastructure projects, including electricity projects. | ||
| 590 | _aKA | ||
| 650 | 2 | 4 | _aELECTRICITY ACT 1989 |
| 650 | 2 | 4 | _aTOWN AND COUNTRY PLANNING ACT 1990 |
| 650 | 2 | 4 | _aINFRASTRUCTURE PLANNING COMMISSION (IPC) |
| 651 | 4 |
_aUnited Kingdom _y |
|
| 690 | _aENVIRONMENTAL AND LAND CONSULTANCY-ENERGY-RENEWABLE ENERGY | ||
| 942 | _n0 | ||
| 999 |
_c81788 _d81788 |
||